| 000 | 00731 a2200193 4500 | ||
|---|---|---|---|
| 003 | NUST | ||
| 005 | 20251219143047.0 | ||
| 040 | _cNust | ||
| 082 | _a621.382,MOV | ||
| 100 |
_a Moveed, Arslan. (TE-48) _9132505 |
||
| 245 |
_aReal time sound source localization / _cPC Arslan Moveed, PC Muhammad Ali Farooq and ASC Muhammad Aqib Niaz. |
||
| 260 |
_aRawalpindi _bMCS (NUST) _cJune-2015 |
||
| 300 | _ax;46 p.; | ||
| 505 | _aIntroduction (Page-1), Literature Review (Page-4), Design and Development (Page-9), Project Analysis and Evaluation (Page-24), Recommendation for Future Work (Page-31). | ||
| 650 |
_aUG Project _9131132 |
||
| 651 | _aTE-48 | ||
| 700 |
_aSupervised by Dr. Muhammad Tayyab Ali _9132486 |
||
| 942 |
_cPR _2ddc |
||
| 999 |
_c217253 _d217253 |
||